000 00288nam a2200109Ia 4500
008 200302s9999 xx 000 0 und d
100 _aAlexander Tzonois & Ohters
245 _aArchitecture in North America Since 1960
260 _bThames and Hudson Ltd.
260 _c1995
300 _a311 P.,
999 _c996
_d996